Central Library OPAC University of Rajshahi

The study of the history of mathematics / (Record no. 68282)

MARC details
000 -LEADER
fixed length control field 01000nam a2200277 a 4500
001 - CONTROL NUMBER
control field 68282
003 - CONTROL NUMBER IDENTIFIER
rucl marc code BD-RjUL
005 - DATE AND TIME OF LATEST TRANSACTION
control field 20211209081742.0
008 - FIXED-LENGTH DATA ELEMENTS--GENERAL INFORMATION
fixed length control field 170401s1957 n a b 001 0 eng d
035 ## - SYSTEM CONTROL NUMBER
System control number (BD-RjUL)68492
040 ## - CATALOGING SOURCE
Original cataloging agency DLC/ICU
Transcribing agency ICU
Language of cataloging eng
041 ## - LANGUAGE CODE
Language code of text/sound track or separate title eng
051 ## - LIBRARY OF CONGRESS COPY, ISSUE, OFFPRINT STATEMENT
Classification number QA21
Item number .S32 Copy 2
Copy information Copy 2.
082 00 - DEWEY DECIMAL CLASSIFICATION NUMBER
Classification number 510
Edition number 23
Author mark and year SAS 1957
100 1# - MAIN ENTRY--PERSONAL NAME
Personal name Sarton, George,
Dates associated with a name 1884-1956.
9 (RLIN) 151760
245 14 - TITLE STATEMENT
Title The study of the history of mathematics /
Statement of responsibility, etc. by George Sarton ...
250 ## - EDITION STATEMENT
Edition statement new ed.
260 ## - PUBLICATION, DISTRIBUTION, ETC. (IMPRINT)
Place of publication, distribution, etc. New york :
Name of publisher, distributor, etc. Dover Publications,
Date of publication, distribution, etc. 1957.
300 ## - PHYSICAL DESCRIPTION
Pagination [3], 112 p., 74 p, 15 p. :
Illustrations ill. ;
Size 22 cm.
500 ## - GENERAL NOTE
General note Half-title: The study of the history of mathematics; being the substance of the inaugural lecture of a course on the history of mathematics in Harvard university, delivered February 4, 1936.
504 ## - BIBLIOGRAPHY, ETC. NOTE
Bibliography, etc Includes Bibliography and index
650 #0 - SUBJECT ADDED ENTRY--TOPICAL TERM
Topical term or geographic name as entry element Mathematics
General subdivision History.
9 (RLIN) 123612
Topical term or geographic name as entry element Mathematicians.
9 (RLIN) 202440
942 ## - ADDED ENTRY ELEMENTS (KOHA)
Source of classification or shelving scheme Dewey Decimal Classification
Koha item type Books
Holdings
Lost status Source of classification or shelving scheme Damaged status Not for loan Collection code Permanent Location Current Location Shelving location Date acquired Source of acquisition Cost, normal purchase price Total Checkouts Full call number Date last seen Copy number Koha item type
  Dewey Decimal Classification   Not For Loan Non-fiction Central Library, University of Rajshahi Central Library, University of Rajshahi Reading Room 12/02/1962 omint l. 6.63   510 SAS 1957 01/04/2017 C-1 Books